Odvození nabídky a poptávky pro vybrané potraviny při cenových úrovních roku 1991.
Návrh a výpočet funkcií pre dopyt a ponuku 5 druhov potravinárskych výrobkov a výpočet zodpovedajúcich cenových funkcií pre podmienky vnútorného trhu ČSFR v roku 1991. Výpočet substitučných funkcií. Výpočet rovnovážnej maloobchodnej ceny. Časová platnosť výsledkov. Problémy so získavaním dát pre pro...
Guardado en:
| Autor principal: | |
|---|---|
| Otros Autores: | |
| Formato: | Capítulo de libro |
| Lenguaje: | checo |
| Materias: | |
| Etiquetas: |
Sin Etiquetas, Sea el primero en etiquetar este registro!
|
MARC
| LEADER | 00000naa a2200000 4500 | ||
|---|---|---|---|
| 001 | r009085 | ||
| 005 | 20220831091126.5 | ||
| 041 | 0 | |a cze | |
| 044 | |a [CS] | ||
| 245 | 1 | 0 | |a Odvození nabídky a poptávky pro vybrané potraviny při cenových úrovních roku 1991. |c V. Brabenec, P. Šařecová |
| 520 | |a Návrh a výpočet funkcií pre dopyt a ponuku 5 druhov potravinárskych výrobkov a výpočet zodpovedajúcich cenových funkcií pre podmienky vnútorného trhu ČSFR v roku 1991. Výpočet substitučných funkcií. Výpočet rovnovážnej maloobchodnej ceny. Časová platnosť výsledkov. Problémy so získavaním dát pre prognózy vývoja trhu potravinárskych produktov. | ||
| 610 | 2 | 0 | |a potraviny |
| 610 | 2 | 0 | |a ponuka |
| 610 | 2 | 0 | |a dopyt |
| 610 | 2 | 0 | |a ČSFR |
| 610 | 2 | 0 | |a 1991 |
| 610 | 2 | 0 | |a trh vnútorný |
| 610 | 2 | 0 | |a ceny maloobchodné |
| 610 | 2 | 0 | |a metódy ekonomicko-matematické |
| 610 | 2 | 0 | |a spotreba potravín |
| 610 | 2 | 0 | |a funkcie dopytové |
| 610 | 2 | 0 | |a prognózy |
| 610 | 2 | 0 | |a modely dopytu |
| 610 | 2 | 0 | |a modely ponuky |
| 100 | 1 | |a Brabenec, Vladimír | |
| 700 | 1 | |a Šařecová, P. | |